000 00432nam a2200181Ia 4500
001 44030
008 140428s9999 xx 000 0 und d
020 _aNA
040 _cPK-LaUMT
082 _aRHC 891.4393
_bJAF-B
100 _aJafar Baloch
245 _aBaiat (Urdu)
_cJafar Baloch
260 _aLahore,Pakistan:
_bAl-Faisal,
_c2001
300 _a120 p.
546 _aUR
650 _aPakistani literature-Urdu
942 _cBK
999 _c42030
_d42030